[Event "Sinquefield Cup 3rd"]
[Site "Saint Louis"]
[Date "2015.08.23"]
[Round "1"]
[White "Carlsen, Magnus"]
[Black "Topalov, Veselin"]
[Result "0-1"]
[WhiteElo "2853"]
[BlackElo "2816"]
[Annotator "Szabo,Krisztian"]
[PlyCount "80"]
[EventDate "2015.08.23"]
[EventType "tourn"]
[EventRounds "9"]
[EventCountry "USA"]
[EventCategory "22"]
[SourceTitle "CBM 168"]
[Source "ChessBase"]
[SourceDate "2015.09.14"]
[SourceVersion "1"]
[SourceVersionDate "2015.09.14"]
[SourceQuality "1"]

1. e4 {ChessBase} c5 2. Nf3 d6 3. Bb5+ Nd7 4. O-O Ngf6 (4... a6 {is the another main line, but after} 5. Bd3 Ngf6 {White doesn't have to play 6.e1, he can immediately answer with} 6. c3 {followed by c2, d4.}) 5. Re1 a6 6. Bd3 b5 7. c4 g5 $5 $146 {A very interesting and ambitious novelty by Topalov. Nowadays ...g5 becomes typical in these type of position. In case of White captures the  Black has some play on the g-file and in case of White ignores, Black continues with ...g4 and takes some pressure in the centre.} ({Last year Nakamura played} 7... Ne5 {against Carlsen,} 8. Bf1 Nxc4 9. a4 Bd7 10. d4 cxd4 11. Nxd4 e5 12. axb5 exd4 13. Bxc4 axb5 14. Rxa8 Qxa8 15. Bb3 Be7 16. Qxd4 $14 {and White had a comfortable position, Carlsen-Nakamura, Zuerich rapid 2014.}) 8. Nxg5 {Carlsen takes the gauntlet.} (8. cxb5 $5 {was the alternative,} g4 9. e5 $5 dxe5 10. Ng5 Nb6 {with a very complicated position.}) 8... Ne5 9. Be2 bxc4 10. Na3 (10. Nc3 $5 {was also possible,} Rg8 11. d4 cxd3 12. Bxd3) ({or} 10. Nf3 $5 Nd3 11. Bxd3 cxd3 12. e5 $1 Nd5 (12... dxe5 13. Nxe5 {and White has a dangerous initiative since} Bb7 $2 {loses instantly,} 14. Qa4+ $1 Nd7 15. Nxf7 $1 Kxf7 16. Qb3+ Kg7 17. Qxb7 $18 {and White wins.}) 13. Na3 Rg8 $132 {with a double-edged fight.}) ({RR} 10. Nc3 Rb8 11. Rf1 h6 12. Nf3) 10... Rg8 11. Nxc4 $146 {A pretty piece sacrifice, but objectively this is not so good!} (11. Nf3 $6 {could have been met by} Nd3 12. Bxd3 cxd3 13. Nc4 (13. e5 dxe5 14. Nxe5 Qd5 $17) 13... Be6 $15 {and Black looks fine.}) ({Probably} 11. d4 {was the most accurate, but} cxd3 12. Bxd3 h6 13. Nf3 Nxd3 14. Qxd3 d5 $1 $132 {and Black has a nice counterplay.}) ({RR} 11. f4 Nd3 12. Bxd3 cxd3 13. Qb3 d5 ({RR} 13... e6 14. Qxd3) 14. Qxd3 h6 15. e5 Nh5 ({RR} 15... hxg5 16. exf6 e6 17. Qh7 Rg6 18. fxg5 Rxg5 19. d3 Rg6) 16. e6 Bxe6 ({RR} 16... hxg5 17. exf7+ Kxf7 18. Qh7+ Ng7 ({RR} 18... Rg7 19. Qxh5+) 19. fxg5 Qd6 20. Rf1+) 17. Nxe6 fxe6 18. Qf3 Ng7 19. Qd3 Nh5 20. Qf3 Ng7 21. b3 Kd7 22. Bb2 Nf5 23. Nc4 Bg7 ({RR} 23... dxc4 24. Qb7+ Ke8 25. Qc6+ Kf7 ({RR} 25... Qd7 26. Qxa8+) 26. Qxe6+) 24. Bxg7 ({RR} 24. Rxe6 Kxe6 25. Re1+ Kf7 ({RR} 25... Kd7 26. Qxd5+ Kc7 27. Qxc5+ Kb7 28. Na5+ Qxa5 29. Qxa5 Bxb2 30. Qxf5) 26. Qh5+ Kf8 27. Qxf5+) 24... Rxg7 25. Ne5+ Kd6 {Beerdsen,T (2414)-Van Wely,L (2662) Leiden 2016 CBM 173 Extra [ChessBase] 1-0 (46)}) 11... Nxc4 (11... Rxg5 $2 {is bad, because of} 12. d4 $16 {and White is better.}) 12. d4 {This was the point of the piece sacrifice.} Nb6 13. Bh5 (13. dxc5 dxc5 14. Qxd8+ Kxd8 15. Nxf7+ Ke8 16. Ng5 e5 $15 {and two s are not enough.}) 13... Nxh5 14. Qxh5 Rg7 (14... Rg6 $1 {was more accurate. The  is much more active, and after} 15. Qxh7 Rg7 16. Qh8 cxd4 17. Nh7 Rxh7 18. Qxh7 e5 $17 {and Black has a wonderful position.}) 15. Nxh7 Qd7 (15... Bg4 16. Qh4 Rxh7 17. Qxh7 cxd4 18. Bh6 Bxh6 19. Qxh6 e5 20. f4 {and still White has some counterchance.}) 16. dxc5 dxc5 17. e5 $2 {Decisive mistake.} (17. Nxf8 {was the only move} Qh3 $1 (17... Qg4 18. Qxg4 Rxg4 19. Nh7 f6 20. Ng5 $1 fxg5 21. g3 $1 $18 {followed by f3 and the  is trapped.}) 18. Qxh3 Bxh3 19. g3 Nc4 (19... Kxf8 20. Bh6 {might even favour White as Black's pieces are not well coordinated.}) (19... Rg8 20. Nh7 f6 $13) 20. Bh6 Rg8 $13) 17... Qc6 $1 ({The natural} 17... Bb7 $4 {is losing immediately, as} 18. Nf6+ exf6 19. exf6+ $18) 18. f3 ({Now} 18. Nf6+ {could have been met by} Kd8 $1 $17 {and Black is better.}) 18... Qg6 $1 {A good move, Black forces to exchange of s and he avoids White's practical chances.} 19. Nf6+ Kd8 $1 {The black  simply slides over to safety.} 20. Qxg6 Rxg6 21. Ne4 Bb7 22. h4 Rc8 23. h5 Rg8 24. Bd2 Nc4 25. Bc3 Bh6 26. Rad1+ Ke8 27. Rd3 Bf4 $1 $19 {Very precise play by Black, his position should be winning.} 28. Nf2 Bc6 29. Nh3 Bg3 30. Re2 Bb5 31. Rd1 Bc6 32. Nf2 Bxe5 $1 {A beautiful tactical solution! White's position is now hopeless.} 33. Ng4 (33. Bxe5 Bxf3 34. Rde1 Bxe2 35. Rxe2 Nxe5 36. Rxe5 f6 $19) 33... Bxc3 34. bxc3 Kf8 35. Kf2 Rh8 36. Ne5 Nxe5 37. Rxe5 Be8 38. g4 f6 39. Re6 Bb5 40. Rde1 Rc7 0-1

[Event "Sinquefield Cup 3rd"]
[Site "Saint Louis"]
[Date "2015.08.26"]
[Round "4"]
[White "Giri, Anish"]
[Black "Carlsen, Magnus"]
[Result "1/2-1/2"]
[WhiteElo "2793"]
[BlackElo "2853"]
[Annotator "ChessBase II"]
[PlyCount "61"]
[EventDate "2015.08.23"]
[EventType "tourn"]
[EventRounds "9"]
[EventCountry "USA"]
[EventCategory "22"]
[SourceTitle "CBM 168"]
[Source "ChessBase"]
[SourceDate "2015.09.14"]
[SourceVersion "1"]
[SourceVersionDate "2015.09.14"]
[SourceQuality "1"]

1. e4 c5 2. Nf3 Nc6 3. d4 cxd4 4. Nxd4 Nf6 5. Nc3 e5 {The Sveshnikov Sicilian. It goes in and out of fashion, and Carlsen playing it might bring some attention back to a defense that is largely overlooked, despite the fact that there is no definite refutation of it.} 6. Ndb5 d6 7. Bg5 a6 8. Na3 b5 9. Nd5 Be7 10. Bxf6 Bxf6 11. c3 Ne7 {One of several possibilities Black has at his disposal. Krasenkow likes to play this move.} 12. Nc2 Nxd5 13. Qxd5 Rb8 14. Nb4 Bb7 15. Qd3 O-O 16. Be2 a5 17. Nd5 b4 {Giri took some time to get to this position, but Carlsen reached it relatively quickly. Black shouldn't have any real problems in this position. This vriation has been played a couple of times. White might be able to pressure slightly on the light squares but it won't big a big deal.} ({RR} 17... Bxd5 18. Qxd5 b4 19. c4 Qb6 20. Rd1 Be7 21. O-O Rbc8 22. Qd3 g6 23. Kh1 Rc5 24. b3 f5 25. exf5 gxf5 26. Qh3 Kh8 27. f3 Qb7 28. Bd3 Qc8 29. Bb1 Rf7 30. g4 fxg4 31. fxg4 Rg7 32. Bf5 {Geller,E (2515)-Ivanovic,B (2535) Vrsac 1987 ½-½ (58)}) ({RR} 17... Bxd5 18. Qxd5 b4 19. O-O bxc3 20. bxc3 Rc8 21. c4 Rc5 22. Qd3 Qc7 23. Rab1 Rb8 24. g3 g6 25. Rxb8+ Qxb8 26. Rb1 Qc7 27. Qb3 Kg7 28. Qb8 Qxb8 29. Rxb8 Be7 30. Kg2 f5 31. Kf3 Kf6 32. Ke3 {Savanovic,A (2381)-Vukic,M (2392) Neum 2022 1-0 (72)}) 18. O-O bxc3 19. bxc3 Bg5 $146 ({RR} 19... Bxd5 20. Qxd5 Rb2 21. Bb5 Bg5 22. Rab1 Rd2 23. Qb3 Qc7 24. Rbd1 g6 25. Rxd2 Bxd2 26. Rd1 Qxc3 27. Qxc3 Bxc3 28. Rxd6 Bd4 29. Kf1 Kg7 30. Ke2 Rc8 31. Rc6 Rb8 32. a4 Rb7 33. Rd6 h5 34. f3 {Gruber,M (2141)-Schmittdiel,E (2466) Austria 2011 ½-½ (37)}) 20. Rab1 Qd7 21. Rb3 Bc6 22. Rfb1 Rxb3 23. Rxb3 g6 24. Rb6 Rc8 25. h3 Bxd5 {Even this move was maybe unnecessary.} (25... h5 26. Ra6 Bxd5 {is safer:} 27. Qxd5 Rc5 $1 {a nice intermezzo.} 28. Qxd6 Qxd6 29. Rxd6 Rxc3 $11) 26. Qxd5 Rxc3 27. Rxd6 Qe7 28. Bd1 Rc7 29. g3 Kg7 {White has a very minor amount of pressure, but this is way closer to a draw. Black's bishop isn't the greatest but White can't create threats, so it will eventually remaneuver.} 30. Ba4 Bc1 31. Rc6 1/2-1/2

[Event "Sinquefield Cup 3rd"]
[Site "Saint Louis"]
[Date "2015.08.30"]
[Round "7"]
[White "Carlsen, Magnus"]
[Black "Grischuk, Alexander"]
[Result "0-1"]
[WhiteElo "2853"]
[BlackElo "2771"]
[Annotator "Roiz,Michael"]
[PlyCount "132"]
[EventDate "2015.08.23"]
[EventType "tourn"]
[EventRounds "9"]
[EventCountry "USA"]
[EventCategory "22"]
[SourceTitle "CBM 168"]
[Source "ChessBase"]
[SourceDate "2015.09.14"]
[SourceVersion "1"]
[SourceVersionDate "2015.09.14"]
[SourceQuality "1"]

1. e4 c5 2. Nf3 d6 3. d4 cxd4 4. Nxd4 Nf6 5. Nc3 a6 6. Be2 e5 7. Nb3 Be7 8. Be3 Be6 9. Qd3 Nbd7 10. Nd5 O-O {Alexander Grischuk chooses a tricky order of moves. Now it's hard to suggest anything better than 11.0-0.} ({In case of} 10... Bxd5 11. exd5 O-O {Black has to deal with a more aggressive approach -} 12. g4 $5) 11. O-O ({After} 11. c4 b5 $1 12. cxb5 axb5 13. O-O Bxd5 14. exd5 Nb6 15. Bxb6 Qxb6 16. Qxb5 Qa7 $44 {Black had an excellent compensation for a pawn in 1/2 Svidler,P (2672)-Gelfand,B (2692)/Haifa 2000}) 11... Bxd5 12. exd5 Rc8 $5 {Provoking the c2-c4 advancement.} (12... Nc5 {is much more popuar here.}) 13. c4 ({Black has nothing to worry about after} 13. a4 Nb6 14. Bxb6 Qxb6 15. a5 Qc7 $132) 13... Ne8 {That move is connected with a typical plan of regrouping the k-side pieces.} (13... a5 14. Kh1 Re8 15. Rad1 Bf8 16. Nd2 g6 17. b3 Bg7 18. a3 h5 19. f3 b6 20. b4 $14 {1-0 Short,N (2645)-Cheparinov,I (2713)/Wijk aan Zee 2008}) 14. Qd2 {An exchange of bishops would definitely suit Black, so Magnus prevents it for a while.} ({Dubious is:} 14. Bg4 $6 e4 $1 15. Qxe4 Nef6 16. Qd4 Nxg4 17. Qxg4 Ne5 18. Qe2 Nxc4 19. Bd4 Bf6 $15 {0-1 Medvegy,Z (2462)-Shariyazdanov,A (2612)/Oberwart 2000/EXT 2001 (51)}) ({Black gets a comfortable play after} 14. Rac1 Bg5 15. Nd2 Bxe3 16. Qxe3 Nef6 $11 {0-1 Pinter,G (2384)-Seres,L (2444)/Budapest 2000/CBM 079 ext (29)}) 14... b6 {A double-edged move. Alexander restricts the activity of b3, but the weakness of c6-spot may tell in the long run.} ({Another Najdorf expert Alexander Areschenko has opted for:} 14... f5 $5 15. f4 g6 16. Na5 (16. Kh1 Nef6 17. fxe5 Ne4 18. Qe1 dxe5 19. Na5 Rb8 20. b4 Bh4 $1 21. g3 f4 $132) 16... exf4 17. Bxf4 Nef6 $132 {Black had a decent counterplay in 0-1 Hovhannisyan,R (2592)-Areshchenko,A (2701)/Martuni 2014}) 15. Rac1 $146 {A natural innovation. The rook may support he thematic c4-c5 advancement, while the a1-spot is vacant for the knight's route.} ({The previously played} 15. f4 {should be met by:} f5 (15... Qc7 16. Rac1 Nc5 (16... Nef6 17. fxe5 dxe5 18. Qe1 Bd6 19. Qh4 Rfe8 20. Kh1 $14) 17. Nxc5 bxc5 18. Bd3 $14 {1-0 Tsiros,F (2147)-Marosi,L (2211)/Gyor HUN 2014}) 16. Rae1 a5 $132) ({The saim can be said about} 15. Rae1 a5 (15... g6 16. Bh6 Ng7 17. f4 $14) 16. f4 f5 $1 $132 ({Now} 16... g6 $6 {looks too passive in view of:} 17. f5 Ng7 18. Bd3 Nxf5 19. Bxf5 gxf5 20. Rxf5 Rxc4 21. Qe2 $36)) ({RR} 15. Kh1 f5 16. g3 a5 17. Rad1 Nef6 18. f3 g6 19. Nc1 Nh5 20. g4 fxg4 21. fxg4 Nf4 22. Bxf4 Rxf4 23. Rxf4 Bg5 24. Nd3 exf4 25. Qc3 b5 26. b3 bxc4 27. bxc4 Qe7 28. Nc1 Ne5 29. Rd4 f3 {Froeyman,H (2268)-Ahmad,K (2455) Rhodes GRE 2025 0-1 (37)}) 15... a5 ({The more aggressive way of handling the position was:} 15... f5 16. f3 f4 17. Bf2 Bh4 18. Bd3 g6 $132 {, but Alexander's plan wasn't based on the f7-f5 advancement.}) 16. Na1 g6 {An original way of handling the position. As was mentioned before, Black deviates from the usual f7-f5 advancement in order to keep the f5-spot vacant for the knight.} 17. b4 $146 (17. Nc2 Ng7 18. Bh6 (18. Bd3 f5 19. f3 f4 20. Bf2 Bh4 $132) 18... Re8 19. g4 f5 $132) ({RR} 17. b3 Ng7 18. a3 Nf5 19. b4 axb4 20. axb4 Nxe3 21. fxe3 Ra8 22. Nb3 Bg5 23. Rc3 Ra3 24. Qb2 Qa8 25. Ra1 Rxa1+ 26. Nxa1 e4 27. Ra3 Qd8 28. Nc2 Ne5 29. Nd4 Qf6 30. Qa1 Nd3 31. Kh1 Bxe3 {Perez,M (2374)-Brodsky,D (2506) chess.com INT 2024 0-1 (37)}) ({RR} 17. b3 Ng7 18. a3 Nf5 19. b4 axb4 20. axb4 Nxe3 21. fxe3 Ra8 22. Nb3 Bg5 23. Rc3 Ra3 24. Qb2 Qa8 25. Ra1 Rxa1+ 26. Nxa1 e4 27. Ra3 Qd8 28. Nc2 Ne5 29. Nd4 Qf6 30. Qa1 Nd3 31. Kh1 Bxe3 {Perez,M (2374)-Brodsky,D (2506) chess.com INT 2024 0-1 (37)}) 17... Ng7 ({No doubt, the naive} 17... axb4 $6 {would be strongly met by:} 18. Nc2 $1 f5 19. Bh6 Rf7 20. Nxb4 Nef6 21. Nc6 $14) 18. bxa5 bxa5 ({It was possible to exchange the powerful dark-squared bishop at cost of a pawn:} 18... Nf5 $5 19. Bxb6 Nxb6 20. axb6 Qxb6 21. Nc2 Qa7 $44) 19. Bd3 ({After} 19. Nb3 $6 Nf5 20. Nxa5 Nxe3 21. fxe3 Bg5 22. Nc6 Qb6 23. Rc3 Ra8 {White's position is getting unpleasant from practical point of view - the extra pawn has no much value here.}) 19... Nc5 20. Bc2 {That retreat gives Black more time for activating their pieces.} ({Deserved a serious attention} 20. Rb1 $5 Nxd3 21. Qxd3 Qc7 22. Rfc1 Rb8 (22... Nf5 23. Bb6 Qd7 24. Nb3 $14) 23. Rb5 Nf5 24. a4 Nxe3 25. Qxe3 {The arising complex position contains strategic risk for both sides, but White's play seems somewhat easier.}) 20... a4 {A consistent continuation - the a1 is out of moves now.} ({However, there was no reasons for rejecting the more aggressive} 20... f5 $5 21. f3 a4 22. Rb1 Bf6 {and Black is not worse at the very least.}) 21. Rb1 e4 $6 {A dubious pawn sacrifice. Perhaps, Alexander has overestimated the effect of knight's appearance on f5.} (21... f5 $142 22. Rb4 (22. Rb5 $6 Nd7 $1 23. Qb4 f4 24. Bc1 f3 $40) 22... Qa5 23. Rd1 Bd8 $132) 22. Bxc5 ({It was possible to postpone that exchange:} 22. Qe2 $5 f5 (22... Nf5 23. Bxc5 Rxc5 24. Qxe4 $14) (22... Qd7 23. Bxc5 Rxc5 24. Bxe4 $14) 23. Bxc5 Rxc5 24. Bxa4 Bf6 25. Nb3 Rc8 26. g3 $14) 22... Rxc5 23. Bxa4 $6 {Returning the favoure. Now Alexander's 21 move fully justifies.} ({At the same time, after} 23. Qe2 $1 f5 (23... Qc7 24. Bxa4 Rxc4 25. Bb5 Rc3 26. Qxe4 $14) 24. Bxa4 Ra5 25. Bb5 $14 {it would be not easy to develop an attack, so Black doesn't have a sufficient compensation for a pawn.}) 23... Rxc4 24. Bc6 Nf5 25. Qe2 Rc3 26. Qxe4 {Finally White has won a pawn, but now Black's pieces are much more active than before.} Ra3 27. Qe2 ({Nothing promises:} 27. Nc2 Rxa2 28. Nb4 Ra3 29. Bb5 Bf6 30. Nc6 Qb6 31. Be2 Qc5 $11) ({Another way to protect the a2 was:} 27. Qc4 Bf6 28. Nc2 Rc3 29. Qa4 Be5 $44 {, but Black gets a decent compensation either.}) 27... Bf6 28. Nb3 Qe7 29. Qxe7 ({White hardly may play for a win with such a passive pieces:} 29. Rfe1 Qa7 30. Nc1 Nd4 31. Qe4 Rb8 32. Rxb8+ Qxb8 33. Qe8+ Qxe8 34. Rxe8+ Kg7 $11) 29... Nxe7 30. Nd2 Rxa2 $11 {The extra pawn is gone, so the position is completely equal now.} 31. Nc4 (31. Ne4 Be5 32. f4 Bd4+ 33. Kh1 Nf5 $11) 31... Rd8 32. g4 $6 {An over-ambitious decision. White pushes for a win, but exposing the king that way is risky.} (32. Rfd1 $142 Kg7 33. g3 $11) 32... Bd4 $1 {Immediately exploiting White's inaccuracy. The bishop is coming to c5, where it will puts a strong pressure on the f2. At the same time, White's bishop is not doing much.} 33. Rbd1 $6 {One more mistake, which leads to a loss of pawn.} ({It looks like White shouldn't be able to solve the problems quite easily after} 33. Rb7 Kf8 34. Kg2 g5 35. Kf3 Ng6 36. Ke4 $1 Rxf2 37. Rxf2 Bxf2 38. h3 $11 {activating all the pieces.}) 33... Bc5 34. Rd2 {It is necessary to exchange the opponent's active rook.} Rxd2 35. Nxd2 Nxc6 36. dxc6 Rc8 37. Ne4 Rxc6 38. Rd1 {The arising endgame must be very unpleasant for Magnus, but White still has good drawish chances due to a limited material ballance.} h6 39. h4 Kf8 40. Kg2 Ke7 41. Rc1 {Preventing Black from advancing the passer for a while.} Rc8 42. Kf3 Ke6 43. Rc2 Rc7 44. h5 $1 {Correctly swapping more pawn on the k-side.} (44. Rc1 Bb6 45. Re1 Rc2 $17) 44... gxh5 ({Comparing to the previous note,} 44... Bb6 $6 {can be strongly met by:} 45. Re2 $1 Bd4 46. g5 $1 hxg5 47. hxg6 fxg6 48. Kg4 {and draw becomes unavoidable.}) 45. gxh5 Bb6 {Obviously, sooner or later Black has to unpin the bishop.} 46. Re2 Bd4 $1 {Alexander manages to find an excellent resourse - the bishop's transfer to e5 would pose White more problems.} 47. Kg3 ({Unfortunately,} 47. Ng3+ Be5 48. Ra2 Rc3+ 49. Kg2 {leads to a hopeless rook's ending:} Bxg3 50. fxg3 Rc5 51. g4 f5 $19) 47... d5 (47... f5 $5 48. Ng5+ Kf6 49. Nh3 Rg7+ 50. Kf3 Be5 $17) 48. Nd2+ Kf5 49. Kg2 (49. Nf3 Bf6 50. Ra2 d4 51. Ra5+ Ke4 52. Nd2+ Kd3 53. Nf3 Kc2 $17) 49... Be5 50. Nf3 Bf6 51. Ra2 Rd7 52. Ne1 {Obviously, White's only plan is to set-up blockade.} Rc7 $6 ({There was no reason to deviate from:} 52... Kg4 53. Ra6 Bg7 54. Nd3 Kxh5 55. Kf3 Kg5 $17 {grabbing the second pawn, though White still in the game due to activity of all the pieces.}) 53. Kf3 Bg5 54. Ra5 Ke5 55. Ke2 {Now it is not easy to make any progress.} Ke4 56. Ra4+ d4 57. f3+ Kd5 58. Ra5+ Kc4 ({Correctly rejecting} 58... Rc5 59. Rxc5+ Kxc5 60. f4 Bf6 61. Kd3 Kd5 62. Nf3 Bg7 63. Nh4 $11) 59. Nd3 {Provoking the exchange of rooks.} ({Possibly,} 59. Ra4+ $5 {would be a better choice from practical point of view:} Kc3 60. Ra3+ Kb4 61. Ra8 Re7+ 62. Kd1) 59... Re7+ 60. Re5 Re6 $5 {Alexander is trying to change the static character of position.} ({It looks like White should be able to achieve a draw after} 60... Kc3 61. Rxe7 Bxe7 62. Ne5 Kc2 63. Nd3 f6 64. Nf4 Bd6 65. Nd3 f5 66. Ne1+ Kc3 67. Nd3 {and White's knight has enough spots.}) 61. f4 $1 {The only move.} ({White cannot afford changing the pawn structure:} 61. Rxe6 $2 fxe6 62. Ne5+ (62. f4 Be7 63. Kd2 Kd5 $19) 62... Kc3 63. Nd3 Be7 64. Ne5 Bf6 65. Nd3 Bh4 66. Ne5 Bg3 67. Nd3 e5 68. Nc5 Kc4 69. Nd3 Kd5 $19 {[%csl Rh5][%cal Gd5e6,Ge6f5]}) 61... Bf6 62. Rxe6 fxe6 {A critical moment.} 63. Nf2 $2 {A decisive mistake.} ({The precise} 63. Kd2 {would allow Magnus to save a half point:} Kd5 64. Ke2 Bd8 (64... Ke4 65. Nc5+ Kxf4 66. Nxe6+ Kg4 67. Kf2 Kxh5 68. Nxd4 Bxd4+ 69. Kg2 $11) 65. Kf3 Bc7 66. Nf2 Bd6 67. Nd3 $11) 63... Be7 64. Ng4 ({Hopeless was also:} 64. Nd3 Kc3 65. Nf2 Kc2 66. Nd3 Bf8 67. Ne1+ Kc3 68. Nd3 Bd6 $19) 64... Kc3 65. f5 ({Or} 65. Kd1 Bf8 66. Nf2 d3 67. Ng4 Kd4 68. Ke1 Ke4 $19) 65... exf5 66. Nxh6 Kc2 $1 ({White resigns, in view of:} 66... Kc2 67. Nxf5 d3+ 68. Kf3 Bc5 $19 {[%csl Gc5,Rf5][%cal Gd3d2]}) 0-1

[Event "Sinquefield Cup 3rd"]
[Site "Saint Louis"]
[Date "2015.09.01"]
[Round "9"]
[White "Anand, Viswanathan"]
[Black "Carlsen, Magnus"]
[Result "1/2-1/2"]
[WhiteElo "2816"]
[BlackElo "2853"]
[Annotator "ChessBase II"]
[PlyCount "71"]
[EventDate "2015.08.23"]
[EventType "tourn"]
[EventRounds "9"]
[EventCountry "USA"]
[EventCategory "22"]
[SourceTitle "CBM 168"]
[Source "ChessBase"]
[SourceDate "2015.09.14"]
[SourceVersion "1"]
[SourceVersionDate "2015.09.14"]
[SourceQuality "1"]

1. e4 e5 2. Nf3 Nc6 3. Bb5 Nf6 4. O-O Nxe4 5. d4 Nd6 6. Bxc6 dxc6 7. dxe5 Nf5 8. Qxd8+ Kxd8 9. h3 h5 10. Nc3 Be7 11. Rd1+ Ke8 12. Ne2 Nh4 13. Nxh4 Bxh4 {Both players took a long time to get to this position, but it had all been played before.} 14. f3 Bf5 15. Nd4 $146 (15. c3 Bc2 16. Rd2 Bf5 17. g4 Be6 {was fine for Black in Leko-Radjabov, 2014. The Azeri won that game in the long run.}) ({RR} 15. c3 Rd8 16. Be3 Be7 17. g4 Be6 18. Rxd8+ Kxd8 19. Nf4 hxg4 20. Nxe6+ fxe6 21. hxg4 a6 22. Kg2 g6 23. f4 Ke8 24. Rd1 Rh7 25. Rh1 Rxh1 26. Kxh1 Bf8 27. Bf2 Bh6 28. Bg3 Kd7 29. Kg2 Ke8 {Dominguez Perez,L (2743)-Aronian,L (2745) Saint Louis USA 2023 ½-½ (66)}) ({RR} 15. c3 Bc2 16. Rd2 Bf5 17. Rd1 Bc2 18. Rd2 Bf5 19. g4 Be6 20. Kg2 hxg4 21. hxg4 Bg5 22. Rd1 Bxc1 23. Nxc1 Ke7 24. Nd3 Rhd8 25. b3 a5 26. Nc5 b6 27. Nxe6 Kxe6 28. f4 g5 29. fxg5 Rxd1 {Sychev,K (2542)-Grischuk,A (2682) Sochi RUS 2025 ½-½ (31)}) ({RR} 15. c3 Rd8 16. Be3 Be7 17. g4 Be6 18. Rxd8+ Kxd8 19. Nf4 hxg4 20. Nxe6+ fxe6 21. hxg4 a6 22. Kg2 g6 23. f4 Ke8 24. Rd1 Rh7 25. Rh1 Rxh1 26. Kxh1 Bf8 27. Bf2 Bh6 28. Bg3 Kd7 29. Kg2 Ke8 {Dominguez Perez,L (2743)-Aronian,L (2745) Saint Louis USA 2023 ½-½ (66)}) 15... Bg6 16. Bf4 Be7 17. g4 {Anand mentioned that he had looked at this idea with f3 and g4, but must have botched it up at some point.} Rd8 18. Kg2 hxg4 19. hxg4 Bc5 20. c3 Bxd4 21. Rxd4 Rxd4 22. cxd4 Ke7 {Whtie retains some chances of creating an advantage if he can push f4-f5, but it looks difficult to achieve... and when it does, still the advantage is not that clear.} 23. Rc1 Ke6 24. Be3 f6 {Now the draw is obvious. The structural advantage is meaningless with the opposite colored bishops on the board.} 25. exf6 gxf6 26. Bd2 Rd8 27. Bc3 Kf7 28. Kg3 Re8 29. Rh1 Bd3 30. Re1 Rxe1 31. Bxe1 Bc4 32. a3 b6 33. Kf4 a5 34. Ke3 a4 35. Bg3 b5 36. Bxc7 1/2-1/2